A practical guide to infra-red thermography for building surveys. (Record no. 88844)

MARC details
000 -LEADER
fixed length control field 01100cam a2200277 4500
008 - FIXED-LENGTH DATA ELEMENTS--GENERAL INFORMATION
fixed length control field 090401t1991 xxu||||| |||| 00| 0 eng d
020 ## - INTERNATIONAL STANDARD BOOK NUMBER
International Standard Book Number 0851254489
020 ## - INTERNATIONAL STANDARD BOOK NUMBER
International Standard Book Number 1860810756
035 ## - SYSTEM CONTROL NUMBER
System control number (Sirsi) u25956
041 ## - LANGUAGE CODE
Language code of text/sound track or separate title eng
050 ## - LIBRARY OF CONGRESS CALL NUMBER
Classification number 621.362
100 ## - MAIN ENTRY--PERSONAL NAME
Personal name Hart, J.M.
245 #2 - TITLE STATEMENT
Title A practical guide to infra-red thermography for building surveys.
260 ## - PUBLICATION, DISTRIBUTION, ETC.
Place of publication, distribution, etc. Garston,Watford
Name of publisher, distributor, etc. Building Research Establishment
Date of publication, distribution, etc. 1991
300 ## - PHYSICAL DESCRIPTION
Extent v,92p. : ill. ; 30cm.
350 ## - PRICE (NR) (BK AM CF MU VM SE) [OBSOLETE]
Price 35
490 ## - SERIES STATEMENT
Series statement BRE Building Renewal
Volume/sequential designation 176
490 ## - SERIES STATEMENT
Series statement Building
Volume/sequential designation 176 Research Establishment Report
520 ## - SUMMARY, ETC.
Summary, etc. Guidance on the use of infra-red thermography to investigate the thermal properties and hidden constructional details of building envelopes. Includes information on interpretation, thermal analysis and interference. Copy 30062120 is a 1996 reprint.
650 ## - SUBJECT ADDED ENTRY--TOPICAL TERM
Topical term or geographic name entry element BUILT ENVIRONMENT-BUILDING SURVEYING-STRUCTURAL SURVEYING
650 ## - SUBJECT ADDED ENTRY--TOPICAL TERM
Topical term or geographic name entry element THERMOGRAPHIC IMAGING
690 ## - LOCAL SUBJECT ADDED ENTRY--TOPICAL TERM (OCLC, RLIN)
Topical term or geographic name as entry element BUILT ENVIRONMENT-BUILDING INSPECTION
710 ## - ADDED ENTRY--CORPORATE NAME
Corporate name or jurisdiction name as entry element Building Research Establishment
942 ## - ADDED ENTRY ELEMENTS (KOHA)
Suppress in OPAC 0
948 ## - LOCAL PROCESSING INFORMATION (OCLC); SERIES PART DESIGNATOR (RLIN)
c (OCLC) 04/03/1997
Holdings
Withdrawn status Lost status Source of classification or shelving scheme Damaged status Not for loan Home library Current library Shelving location Date acquired Cost, normal purchase price Total Checkouts Full call number Barcode Date last seen Date last checked out Copy number Cost, replacement price Price effective from Koha item type
    Dewey Decimal Classification     London London Folio 22/09/2000 36.55 2 F621.362 HAR 30062120 26/02/2024 03/01/2001 1 36.55 06/08/2019 Book